| 000 | 00724 a2200205 4500 | ||
|---|---|---|---|
| 999 |
_c10397 _d10397 |
||
| 020 | _a9780723438816 | ||
| 050 | _aQY90 MAR 2017 | ||
| 100 |
_aMarshall, William J., _d 1944 April 1- _eauthor |
||
| 245 |
_aClinical chemistry / _cWilliam J. Marshall, Stephen K. Bangert, Marta Lapsley. |
||
| 250 | _a8th edition | ||
| 264 |
_aEdinburgh ; A New York : _bMosby Elsevier, _c 2017 |
||
| 300 | _a1 online resource (ix, 367 pages :) : color illustrations | ||
| 500 | _a"Student consult." includes index | ||
| 650 | _aClinical chemistry. | ||
| 650 | _aChemistry | ||
| 650 | _aClinical Clinical Chemistry Tests | ||
| 700 | _aBangert, Stephen K. | ||
| 700 | _a Lapsley, Marta | ||
| 942 |
_2lcc _cBK _e8th edition _h90 _iMAR _kQY |
||